000
00300pab a2200121 454500
008
180718b xxu||||| |||| 00| 0 eng d
100
_a
Noorani, A.G
245
_a
The white paper - disinformation on Ayodhya
650
_a
Ayodhya
650
_a
Religion and State
773
_a
Statesman
909
_a
24172
999
_c
24172
_d
24172